000 00803cam a22002411 4500
001 he 65000605
003 DLC
005 20260227111430.0
008 840125s1964 nyua j 000 0 hebr
010 _ahe 65000605
035 _a(OCoLC)19146462
040 _aDLC
_cMH
_dTxU
_dDLC
042 _apremarc
050 0 0 _aPZ90.H3
_bI47 1964
100 1 _aIndelman, Elchanan.
245 1 3 _aha-Otsar ba-meʻarah /
_cMeʻubad ʻal yede Elḥanan Idelman, ʻal pi ha-maḥazeh me-et Mikhaʼel Almaz. Metsuyar be-yad Lili Kesel.
260 _aNyu-York,
_bṾaʻadat ha-ḥinukh ʻal yad Bate ha-keneset ha-meʼuḥadim
_c[1964]
300 _a46 p.
_billus.
_c24 cm.
490 0 _aSifriyah ʻoneg,
_v5
500 _aAdded t.p.: The treasure in the cave.
500 _aVocalized.
700 1 _aAlmaz, Michael.
999 _c31074
_d31074